000 00320nam a2200133 a 4500
008 981211s1976||||xx 0 und c
040 _aSNK
_bslo
_cSNK
_eAACR2
100 1 _aEngels, Fridrich
245 1 0 _aDialektika prírody
260 _aBratislava
_bPravda
_c1976
044 _axo
_cSK
041 _aslo
020 _c11,50
999 _c15492
_d15492